000 00508nam a2200205Ia 4500
003 GCL
008 140319s9999 xx 000 0 eng d
040 _aGCL /
_cGCL
082 0 4 _aCC
_b930.1
_bP M
100 1 _aPORTER, ELLIOT
245 1 0 _aMONUMENTS OF EGYPT /
_cPORTER, ELLIOT
700 1 _aSTERN, WILMA
260 _a[S.N] :
_bUNIVERSITY OF NEW MEXICO PRESS ،
_c1990
300 _a102 P
650 0 4 _aVIEWS
650 0 4 _aANTIQUITIES
650 0 4 _aEGYPT
650 0 4 _aMONUMENTS
942 _2ddc
_cBK
999 _c16561
_d16561